[Event "55th Ilmar raud Memorial"]
[Site "Viljandi, Estonia"]
[Date "2021.07.07"]
[Round "5.5"]
[White "Pedoson, Georg Aleksander"]
[Black "Shishkov, Andrei"]
[Result "1/2-1/2"]
[WhiteElo "2166"]
[BlackElo "2405"]

1. d4 {[%clk 01:21:51]} {[%emt 00:09:07]} Nf6 {[%clk 01:30:54]} {[%emt
00:00:06]} 2. c4 {[%clk 01:21:46]} {[%emt 00:00:35]} e6 {[%clk 01:31:19]}
{[%emt 00:00:05]} 3. Nc3 {[%clk 01:20:40]} {[%emt 00:01:37]} Bb4 {[%clk
01:31:44]} {[%emt 00:00:05]} 4. f3 {[%clk 01:13:23]} {[%emt 00:07:47]} O-O
{[%clk 01:31:37]} {[%emt 00:00:37]} 5. a3 {[%clk 01:03:33]} {[%emt 00:10:20]}
Bxc3+ {[%clk 01:31:34]} {[%emt 00:00:33]} 6. bxc3 {[%clk 01:03:58]} {[%emt
00:00:04]} b6 {[%clk 01:21:49]} {[%emt 00:10:15]} 7. Bg5 {[%clk 00:52:05]}
{[%emt 00:12:23]} h6 {[%clk 01:22:09]} {[%emt 00:00:11]} 8. Bh4 {[%clk
00:52:24]} {[%emt 00:00:10]} d5 {[%clk 01:21:17]} {[%emt 00:01:22]} 9. cxd5
{[%clk 00:47:48]} {[%emt 00:05:06]} exd5 {[%clk 01:21:38]} {[%emt 00:00:09]} 10.
e3 {[%clk 00:48:14]} {[%emt 00:00:04]} Re8 {[%clk 01:20:27]} {[%emt 00:01:41]}
11. Bf2 {[%clk 00:48:39]} {[%emt 00:00:04]} c5 {[%clk 01:17:31]} {[%emt
00:03:27]} 12. Bd3 {[%clk 00:47:25]} {[%emt 00:01:44]} Ba6 {[%clk 01:13:56]}
{[%emt 00:04:05]} 13. Bxa6 {[%clk 00:46:54]} {[%emt 00:01:00]} Nxa6 {[%clk
01:14:22]} {[%emt 00:00:04]} 14. Ne2 {[%clk 00:47:19]} {[%emt 00:00:05]} Nc7
{[%clk 01:12:12]} {[%emt 00:02:40]} 15. a4 {[%clk 00:45:05]} {[%emt 00:02:44]}
Re7 {[%clk 01:02:36]} {[%emt 00:10:06]} 16. O-O {[%clk 00:39:47]} {[%emt
00:05:48]} Nce8 {[%clk 01:01:51]} {[%emt 00:01:15]} 17. Nf4 {[%clk 00:39:59]}
{[%emt 00:00:18]} c4 {[%clk 00:56:25]} {[%emt 00:05:57]} 18. Ne2 {[%clk
00:33:43]} {[%emt 00:06:46]} Nd6 {[%clk 00:54:54]} {[%emt 00:02:01]} 19. Ng3
{[%clk 00:34:06]} {[%emt 00:00:06]} Qd7 {[%clk 00:53:52]} {[%emt 00:01:32]} 20.
Qc2 {[%clk 00:33:16]} {[%emt 00:01:20]} Rae8 {[%clk 00:53:23]} {[%emt
00:00:59]} 21. Rfe1 {[%clk 00:33:09]} {[%emt 00:00:37]} h5 {[%clk 00:50:53]}
{[%emt 00:02:59]} 22. h4 {[%clk 00:31:01]} {[%emt 00:02:38]} g6 {[%clk
00:50:33]} {[%emt 00:00:50]} 23. Re2 {[%clk 00:31:01]} {[%emt 00:00:30]} Kg7
{[%clk 00:40:02]} {[%emt 00:11:01]} 24. Rae1 {[%clk 00:29:31]} {[%emt
00:02:00]} Qb7 {[%clk 00:39:13]} {[%emt 00:01:20]} 25. Qb1 {[%clk 00:28:11]}
{[%emt 00:01:50]} Re6 {[%clk 00:39:21]} {[%emt 00:00:21]} 26. Qb4 {[%clk
00:19:40]} {[%emt 00:09:02]} Qe7 {[%clk 00:30:51]} {[%emt 00:09:00]} 27. Qb1
{[%clk 00:17:48]} {[%emt 00:02:21]} Qb7 {[%clk 00:28:53]} {[%emt 00:02:28]} 28.
Qb4 {[%clk 00:18:10]} {[%emt 00:00:08]} Qc6 {[%clk 00:29:04]} {[%emt 00:00:19]}
29. Ra2 {[%clk 00:16:09]} {[%emt 00:02:31]} Ng8 {[%clk 00:24:17]} {[%emt
00:05:16]} 30. Qb1 {[%clk 00:14:45]} {[%emt 00:01:54]} Nh6 {[%clk 00:22:39]}
{[%emt 00:02:08]} 31. a5 {[%clk 00:14:11]} {[%emt 00:01:04]} Ndf5 {[%clk
00:17:31]} {[%emt 00:05:37]} 32. Nf1 {[%clk 00:13:48]} {[%emt 00:00:54]} b5
{[%clk 00:16:38]} {[%emt 00:01:23]} 33. Rae2 {[%clk 00:13:59]} {[%emt
00:00:19]} Nd6 {[%clk 00:16:37]} {[%emt 00:00:32]} 34. Nd2 {[%clk 00:13:18]}
{[%emt 00:01:11]} a6 {[%clk 00:15:56]} {[%emt 00:01:12]} 35. e4 {[%clk
00:11:47]} {[%emt 00:02:00]} Qc7 {[%clk 00:14:27]} {[%emt 00:01:59]} 36. Qb4
{[%clk 00:06:41]} {[%emt 00:05:36]} Nb7 {[%clk 00:14:39]} {[%emt 00:00:19]} 37.
Ra1 {[%clk 00:06:32]} {[%emt 00:00:38]} Qf4 {[%clk 00:04:18]} {[%emt 00:10:50]}
38. g3 {[%clk 00:02:37]} {[%emt 00:04:25]} Qc7 {[%clk 00:03:54]} {[%emt
00:00:54]} 39. e5 {[%clk 00:02:47]} {[%emt 00:00:21]} Nf5 {[%clk 00:03:00]}
{[%emt 00:01:24]} 40. f4 {[%clk 00:15:51]} {[%emt 00:02:26]} Ne7 {[%clk
00:16:43]} {[%emt 00:01:46]} 41. Nf3 {[%clk 00:13:59]} {[%emt 00:02:22]} Qd7
{[%clk 00:14:17]} {[%emt 00:02:58]} 42. Qb1 {[%clk 00:06:13]} {[%emt 00:08:16]}
Rc6 {[%clk 00:14:16]} {[%emt 00:00:31]} 43. Kg2 {[%clk 00:06:09]} {[%emt
00:00:33]} Qf5 {[%clk 00:14:23]} {[%emt 00:00:23]} 44. Qxf5 {[%clk 00:05:32]}
{[%emt 00:01:07]} Nxf5 {[%clk 00:14:49]} {[%emt 00:00:04]} 45. Rea2 {[%clk
00:05:15]} {[%emt 00:00:47]} Rb8 {[%clk 00:13:53]} {[%emt 00:01:26]} 46. Ne1
{[%clk 00:05:33]} {[%emt 00:00:12]} b4 {[%clk 00:12:02]} {[%emt 00:02:21]} 47.
cxb4 {[%clk 00:05:58]} {[%emt 00:00:05]} Nd8 {[%clk 00:12:06]} {[%emt
00:00:26]} 48. Nc2 {[%clk 00:06:11]} {[%emt 00:00:18]} Rc7 {[%clk 00:12:06]}
{[%emt 00:00:30]} 49. Rd1 {[%clk 00:06:06]} {[%emt 00:00:34]} c3 {[%clk
00:08:51]} {[%emt 00:03:46]} 50. Rd3 {[%clk 00:05:45]} {[%emt 00:00:51]} Rc4
{[%clk 00:08:34]} {[%emt 00:00:47]} 51. Ra3 {[%clk 00:05:36]} {[%emt 00:00:39]}
Rbc8 {[%clk 00:07:50]} {[%emt 00:01:14]} 52. Be1 {[%clk 00:05:13]} {[%emt
00:00:52]} Ne6 {[%clk 00:07:42]} {[%emt 00:00:38]} 53. Raxc3 {[%clk 00:05:39]}
{[%emt 00:00:05]} R8c7 {[%clk 00:05:32]} {[%emt 00:02:40]} 54. Kf2 {[%clk
00:05:05]} {[%emt 00:01:02]} Kf8 {[%clk 00:05:25]} {[%emt 00:00:38]} 55. Na3
{[%emt 00:02:16]} Rxd4 {[%clk 00:05:33]} {[%emt 00:00:01]} 56. b5 {[%clk
00:03:42]} {[%emt 00:00:27]} Rxd3 {[%clk 00:04:46]} {[%emt 00:01:17]} 57. Rxd3
{[%clk 00:04:08]} {[%emt 00:00:04]} axb5 {[%clk 00:05:14]} {[%emt 00:00:02]} 58.
Rxd5 {[%clk 00:04:13]} {[%emt 00:00:26]} Nfd4 {[%clk 00:05:14]} {[%emt
00:00:30]} 59. Bb4+ {[%clk 00:03:34]} {[%emt 00:01:08]} Kg7 {[%clk 00:05:17]}
{[%emt 00:00:27]} 60. a6 {[%clk 00:03:12]} {[%emt 00:00:53]} Ra7 {[%clk
00:04:39]} {[%emt 00:01:07]} 61. Rd6 {[%clk 00:03:01]} {[%emt 00:00:41]} Ra8
{[%clk 00:05:00]} {[%emt 00:00:09]} 62. Bc3 {[%clk 00:02:22]} {[%emt 00:01:10]}
Nb3 {[%clk 00:04:15]} {[%emt 00:01:14]} 63. Nxb5 {[%clk 00:02:18]} {[%emt
00:00:34]} Nbc5 {[%clk 00:04:44]} {[%emt 00:00:01]} 64. Rc6 {[%clk 00:01:49]}
{[%emt 00:00:58]} Rxa6 {[%clk 00:04:19]} {[%emt 00:00:55]} 65. Rxa6 {[%clk
00:01:49]} {[%emt 00:00:30]} Nxa6 {[%clk 00:04:48]} {[%emt 00:00:01]} 66. Ke3
{[%clk 00:02:05]} {[%emt 00:00:14]} Nac7 {[%clk 00:03:46]} {[%emt 00:01:32]} 67.
Nd6 {[%clk 00:01:31]} {[%emt 00:01:04]} Nd5+ {[%clk 00:03:50]} {[%emt
00:00:26]} 68. Kd2 {[%clk 00:01:55]} {[%emt 00:00:06]} Ne7 {[%clk 00:03:55]}
{[%emt 00:00:25]} 69. Ne4 {[%clk 00:01:55]} {[%emt 00:00:30]} Nf5 {[%clk
00:04:01]} {[%emt 00:00:24]} 70. Kd3 {[%clk 00:02:12]} {[%emt 00:00:13]} Kf8
{[%clk 00:03:43]} {[%emt 00:00:48]} 71. Be1 {[%clk 00:02:22]} {[%emt 00:00:20]}
Ke7 {[%clk 00:02:58]} {[%emt 00:01:15]} 72. Bf2 {[%clk 00:02:48]} {[%emt
00:00:04]} Kd7 {[%clk 00:03:15]} {[%emt 00:00:13]} 73. Kc4 {[%clk 00:02:03]}
{[%emt 00:01:15]} Kc6 {[%clk 00:03:14]} {[%emt 00:00:31]} 74. Nf6 {[%clk
00:02:19]} {[%emt 00:00:14]} Nc7 {[%clk 00:03:14]} {[%emt 00:00:30]} 75. Nh7
{[%clk 00:02:24]} {[%emt 00:00:25]} Ne6 {[%clk 00:03:36]} {[%emt 00:00:08]} 76.
Nf6 {[%emt 00:00:06]} 1/2-1/2

[Event "55th Ilmar raud Memorial"]
[Site "Viljandi, Estonia"]
[Date "2021.07.07"]
[Round "5.6"]
[White "Soot, Margus"]
[Black "Chukavin, Kirill"]
[Result "0-1"]
[WhiteElo "2106"]
[BlackElo "2384"]

1. Nf3 {[%clk 01:30:56]} {[%emt 00:00:02]} d5 {[%clk 01:25:02]} {[%emt
00:05:58]} 2. d4 {[%clk 01:25:40]} {[%emt 00:05:46]} Nf6 {[%clk 01:25:04]}
{[%emt 00:00:28]} 3. g3 {[%clk 01:24:25]} {[%emt 00:01:46]} c5 {[%clk
01:18:48]} {[%emt 00:06:46]} 4. c3 {[%clk 01:22:22]} {[%emt 00:02:32]} Nc6
{[%clk 01:15:52]} {[%emt 00:03:27]} 5. Bg2 {[%clk 01:22:42]} {[%emt 00:00:10]}
Bf5 {[%clk 01:04:28]} {[%emt 00:11:53]} 6. O-O {[%clk 01:18:06]} {[%emt
00:05:07]} e6 {[%clk 01:04:33]} {[%emt 00:00:25]} 7. Nbd2 {[%clk 00:53:12]}
{[%emt 00:25:23]} h6 {[%clk 00:57:58]} {[%emt 00:07:05]} 8. Ne5 {[%clk
00:47:11]} {[%emt 00:06:31]} cxd4 {[%clk 00:44:07]} {[%emt 00:14:21]} 9. Nxc6
{[%clk 00:32:46]} {[%emt 00:14:55]} bxc6 {[%clk 00:44:27]} {[%emt 00:00:10]} 10.
cxd4 {[%clk 00:33:12]} {[%emt 00:00:04]} c5 {[%clk 00:23:55]} {[%emt 00:21:03]}
11. Nf3 {[%clk 00:21:14]} {[%emt 00:12:28]} Bd6 {[%clk 00:18:15]} {[%emt
00:06:09]} 12. dxc5 {[%clk 00:15:40]} {[%emt 00:06:04]} Bxc5 {[%clk 00:18:40]}
{[%emt 00:00:05]} 13. Nd4 {[%clk 00:16:05]} {[%emt 00:00:05]} Bg6 {[%clk
00:15:28]} {[%emt 00:03:42]} 14. b4 {[%clk 00:16:21]} {[%emt 00:00:14]} Bd6
{[%clk 00:14:40]} {[%emt 00:01:19]} 15. Bf4 {[%clk 00:15:30]} {[%emt 00:01:21]}
e5 {[%clk 00:09:20]} {[%emt 00:05:50]} 16. Qa4+ {[%clk 00:04:43]} {[%emt
00:11:17]} Qd7 {[%clk 00:09:31]} {[%emt 00:00:20]} 17. Nb5 {[%clk 00:05:08]}
{[%emt 00:00:05]} Ke7 {[%clk 00:07:09]} {[%emt 00:02:52]} 18. Bxd5 {[%clk
00:02:32]} {[%emt 00:03:06]} Nxd5 {[%clk 00:06:01]} {[%emt 00:01:37]} 19. Rad1
{[%clk 00:01:06]} {[%emt 00:01:56]} a6 {[%clk 00:05:34]} {[%emt 00:00:58]} 20.
Rxd5 {[%clk 00:00:32]} {[%emt 00:01:04]} axb5 {[%clk 00:05:54]} {[%emt
00:00:10]} 21. Qd1 {[%clk 00:00:32]} {[%emt 00:00:30]} exf4 {[%clk 00:06:15]}
{[%emt 00:00:08]} 22. Qd4 {[%clk 00:00:37]} {[%emt 00:00:25]} fxg3 {[%clk
00:05:17]} {[%emt 00:01:29]} 23. Rd1 {[%clk 00:00:38]} {[%emt 00:00:29]} gxf2+
{[%clk 00:04:41]} {[%emt 00:01:06]} 0-1